मयूरपंख / (Record no. 117129)

MARC details
000 -LEADER
fixed length control field 01123nam a22002897a 4500
003 - CONTROL NUMBER IDENTIFIER
control field dpl
005 - DATE AND TIME OF LATEST TRANSACTION
control field 20180919174110.0
008 - FIXED-LENGTH DATA ELEMENTS--GENERAL INFORMATION
fixed length control field 180919b ||||| |||| 00| 0 eng d
010 ## - LIBRARY OF CONGRESS CONTROL NUMBER
LC control number B-199996
020 ## - INTERNATIONAL STANDARD BOOK NUMBER
Terms of availability 150.00
International Standard Book Number 8185241650
035 ## - SYSTEM CONTROL NUMBER
System control number B-199996, B-199997
037 ## - SOURCE OF ACQUISITION
Source of stock number/acquisition Cen Lib/Ret
040 ## - CATALOGING SOURCE
Original cataloging agency DPL
Language of cataloging HN
Transcribing agency 0
082 ## - DEWEY DECIMAL CLASSIFICATION NUMBER
Classification number
Item number मित्रज
100 ## - MAIN ENTRY--PERSONAL NAME
Personal name मित्र, जगदीश
9 (RLIN) 70250
245 ## - TITLE STATEMENT
Title मयूरपंख /
Statement of responsibility, etc जगदीश मित्र
246 ## - VARYING FORM OF TITLE
Title proper/short title Mayurpankh /
Remainder of title by Jagdeesh Mitra
260 ## - PUBLICATION, DISTRIBUTION, ETC. (IMPRINT)
Place of publication, distribution, etc नई दिल्ली
Name of publisher, distributor, etc हिन्दी बुक सेंटर
Date of publication, distribution, etc 2006
270 ## - ADDRESS
City नई दिल्ली
Address 4/5-बी, आसफ अली रोड
Postal code 110002
300 ## - PHYSICAL DESCRIPTION
Extent 127पृ.
Dimensions 21सेमी(सजिल्द)
500 ## - GENERAL NOTE
General note अनुक्रमाणिका शामिल
650 ## - SUBJECT ADDED ENTRY--TOPICAL TERM
Topical term or geographic name as entry element हिन्दी साहित्य
9 (RLIN) 70251
650 ## - SUBJECT ADDED ENTRY--TOPICAL TERM
Topical term or geographic name as entry element हिन्दी -- कहानियाँ
9 (RLIN) 70252
650 ## - SUBJECT ADDED ENTRY--TOPICAL TERM
Topical term or geographic name as entry element Hindi literature
9 (RLIN) 70253
650 ## - SUBJECT ADDED ENTRY--TOPICAL TERM
Topical term or geographic name as entry element Hindi -- Stories
9 (RLIN) 70254
942 ## - ADDED ENTRY ELEMENTS (KOHA)
Source of classification or shelving scheme Dewey Decimal Classification
Koha item type Hindi Books
Classification part
Call number suffix मित्रज
Holdings
Withdrawn status Lost status Damaged status Not for loan Home library Current library Date acquired Source of acquisition Cost, normal purchase price Total Checkouts Full call number Barcode Date last seen Copy number Cost, replacement price Price effective from Koha item type Source of classification or shelving scheme
        Central Library Central Library 26/08/2015 Cen Lib/Ret 150.00   क मित्रज B-199996 26/08/2015 1 150.00 26/08/2015 Hindi Books  
        Patel Nagar Patel Nagar 19/09/2018 BPPD/PUB 150.00   क मित्रज B-199997 19/09/2018 1 150.00 19/09/2018 Hindi Books Dewey Decimal Classification

© Delhi Public Library
Hit Counter
free hit counter